000 00264nam a22001217a 4500
003 SGT
082 _a612.015
_bKUM
100 _aKUMAR N
245 _aBIOCHEMISTRY AND CLINICAL PATHOLOGY
260 _aINDIA
_bAITBS PUB
_c2025
300 _a241
942 _2ddc
_cBK
999 _c34455
_d34455